| 000 | 01804nam0a2200385 4500 | ||
|---|---|---|---|
| 001 | RU\NLR\BIBL_A\021993403 | ||
| 005 | 20230823113736.0 | ||
| 010 |
_a978-5-389-23030-9 _93000 |
||
| 021 |
_aRU _bКН-П-23-040334 _9КН-П-23-4022 |
||
| 035 | _a(NLR Aleph) 021993403 | ||
| 035 | _a(RuMoRGB)011870935 | ||
| 090 |
_a12433841 _c12433841 |
||
| 100 | _a20230801d2023 u y0rusy50 ca | ||
| 101 | 0 | _arus | |
| 102 | _aRU | ||
| 105 | _ay z 000ay | ||
| 181 | 0 |
_ai4 _baxxe |
|
| 182 | 1 | _an | |
| 200 | 1 |
_aРассказы о свободном времени _e[роман, рассказы] _fГайто Газданов |
|
| 203 |
_aТекст _bвизуальный _cнепосредственный |
||
| 210 |
_aСанкт-Петербург _cАзбука _cАзбука-Аттикус _d2023 |
||
| 215 |
_a474, [2] с. _d18 |
||
| 225 | 1 | _aАзбука-классика | |
| 320 | _aДр. произведения авт. на 4-й с. обл. | ||
| 327 | 0 | _aСодерж.: История одного путешествия: роман; рассказы: Гостиница грядущего; Повесть о трех неудачах; Шпион; Рассказы о свободном времени; Общество восьмерки пик; Товарищ Брак; Римляне; Дракон; Превращение [и др.] | |
| 333 | _a16+ | ||
| 675 |
_a821.161.1-31 _v4 |
||
| 686 | 2 | _aШ6(2=Р)6-4 | |
| 700 | 1 |
_7ca _8rus _aГазданов _bГ. _f1903-1971 _gГайто _9119215 _3RU\NLR\AUTH\779383 |
|
| 856 | 4 |
_qapplication/pdf _s[482] с. _uhttp://dlib.rsl.ru/rsl01011000000/rsl01011870000/rsl01011870935/rsl01011870935.pdf _yЧитать |
|
| 942 | _cBOOK | ||
| 980 | _aNB | ||